Las leyendas como una forma de comunicación colectiva /

Guardat en:
Dades bibliogràfiques
Autor principal: Villegas de Luna, Florita (autor)
Format: Thesis Llibre
Idioma:espanyol
Publicat: Guadalajara, México : edición de autor, 1996
Matèries:
Etiquetes: Afegir etiqueta
Sense etiquetes, Sigues el primer a etiquetar aquest registre!

MARC

LEADER 00000nam^a2200000^a^4500
001 000047851
005 20250521000000.0
009 20260310090105.893
037 |a Acervo ITESO - Biblioteca 
041 |a ESP 
090 |a CCO. 293 
100 |a Villegas de Luna, Florita  |e (autor) 
245 1 4 |a Las leyendas como una forma de comunicación colectiva /  |c F. Villegas de Luna. 
264 1 |a Guadalajara, México :  |b edición de autor,  |c 1996 
300 |a 85 p. 
336 |a texto  |b txt  |2 rdacontenido 
337 |a sin mediación  |b n  |2 rdamedio 
338 |a volumen  |b nc  |2 rdasoporte 
502 |a ITESO Tesis de Licenciatura en Ciencias de la Comunicación 
649 |a XX 
650 |a Leyendas Mexicanas -  |z Cuquío, Jalisco -  |x Tema Principal 
650 |a Leyendas Mexicanas -  |x Historia y Crítica 
650 |a Literatura Oral -  |z México -  |x Historia y Crítica 
650 |a Literatura Popular -  |z México -  |x Historia y Crítica 
650 |a Literatura Mexicana -  |x Historia y Crítica 
650 |a Cultura Popular -  |z México 
650 |a Comunicación Grupal y Comunitaria -  |z México -  |x Tema Principal 
910 |a Fondo General 
920 |a Impresos - Tesis del ITESO 
930 |a Colección General 
905 |a 104 
901 |a 0500003376  |b IT2  |c TSS  |u 20250521 
902 |a https://opac.biblio.iteso.mx/vufind/Record/000047851